Management Information Systems for the Information Age. (Record no. 349945)
[ view plain ]
| 000 -LEADER | |
|---|---|
| fixed length control field | 00722nam a22002537a 4500 |
| 003 - CONTROL NUMBER IDENTIFIER | |
| control field | OSt |
| 005 - DATE AND TIME OF LATEST TRANSACTION | |
| control field | 20251026113900.0 |
| 008 - FIXED-LENGTH DATA ELEMENTS--GENERAL INFORMATION | |
| fixed length control field | 150731b xxu||||| |||| 00| 0 eng d |
| 020 ## - INTERNATIONAL STANDARD BOOK NUMBER | |
| International Standard Book Number | 0071123466 |
| 022 ## - INTERNATIONAL STANDARD SERIAL NUMBER | |
| International Standard Serial Number | 9780071123464 |
| 040 ## - CATALOGING SOURCE | |
| Transcribing agency | 0 |
| 050 ## - LIBRARY OF CONGRESS CALL NUMBER | |
| Classification number | 658.4038011 |
| 082 ## - DEWEY DECIMAL CLASSIFICATION NUMBER | |
| Classification number | 658.4038011 |
| 100 ## - MAIN ENTRY--PERSONAL NAME | |
| Personal name | Haag,Stephen |
| 9 (RLIN) | 123444 |
| 245 ## - TITLE STATEMENT | |
| Title | Management Information Systems for the Information Age. |
| Statement of responsibility, etc. | Stephen Haag |
| 250 ## - EDITION STATEMENT | |
| Edition statement | 3rd. |
| 260 ## - PUBLICATION, DISTRIBUTION, ETC. | |
| Place of publication, distribution, etc. | New Delhi |
| Name of publisher, distributor, etc. | McGraw-Hill Irwin |
| Date of publication, distribution, etc. | 2002 |
| 300 ## - PHYSICAL DESCRIPTION | |
| Extent | 440p. |
| 440 ## - SERIES STATEMENT/ADDED ENTRY--TITLE | |
| Title | Management Information Systems for the Information Age. |
| 9 (RLIN) | 131559 |
| 500 ## - GENERAL NOTE | |
| General note | Paper Cover |
| 600 ## - SUBJECT ADDED ENTRY--PERSONAL NAME | |
| Personal name | Haag,Stephen |
| 9 (RLIN) | 123444 |
| 700 ## - ADDED ENTRY--PERSONAL NAME | |
| Personal name | Haag,Stephen |
| 9 (RLIN) | 123444 |
| 942 ## - ADDED ENTRY ELEMENTS (KOHA) | |
| Source of classification or shelving scheme | |
| Koha item type | Book |
| Call number prefix | 658.4038011 |
| Withdrawn status | Lost status | Source of classification or shelving scheme | Damaged status | Not for loan | Collection code | Permanent Location | Current Location | Shelving location | Date acquired | Total Checkouts | Full call number | Barcode | Date last seen | Price effective from | Koha item type |
|---|---|---|---|---|---|---|---|---|---|---|---|---|---|---|---|
| Central Library (CL) | Central Library (CL) | General Stacks | 07/31/2015 | 658.4038011 HAA | NBS4614 | 07/31/2015 | 07/31/2015 | Book | |||||||
| Central Library (CL) | Central Library (CL) | Management Information System | 10/26/2025 | 658.4038011 HAA | NBS3576 | 10/26/2025 | 10/26/2025 | Book |
